|
|
|
|
| LEADER |
00000nam a2200000 a 4500 |
| 001 |
vtls008959059 |
| 003 |
SK-MaSNL |
| 005 |
20260301210206.0 |
| 008 |
160610s2006 xo odl f a 100 0 slo |
| 015 |
|
|
|a SNBA2007/05-01703
|
| 020 |
|
|
|a 802232261X (brož.)
|
| 035 |
|
|
|a 315EC389-9079-4AD0-ADB9-FA5F12A53535
|
| 035 |
|
|
|a urn:nbn:sk:snk-aml9qj
|
| 035 |
|
|
|a urn:nbn:sk:snk-am008ram
|
| 040 |
|
|
|a SNK
|b slo
|c SNK
|e AACR2
|
| 041 |
1 |
|
|a slo
|a cze
|
| 044 |
|
|
|a xo
|c SK
|
| 072 |
|
7 |
|a 579
|x Mikrobiológia
|2 konspekt
|
| 080 |
|
|
|a 502:579
|2 2001
|
| 080 |
|
|
|a (062.534)
|2 2001
|
| 080 |
|
|
|a 579.68
|2 2001
|
| 111 |
2 |
|
|a Mikrobiológia vody a prostredia
|d (2006 :
|c Poprad, Slovensko)
|9 593360
|
| 245 |
1 |
0 |
|a Mikrobiológia vody a prostredia 2006
|b zborník prednášok a posterov : Poprad, 20.-22. september 2006
|c editori: Miloslava Prokšová, Milan Seman
|
| 250 |
|
|
|a [1. vyd.]
|
| 260 |
|
|
|a Bratislava
|b Univerzita Komenského
|c 2006
|
| 300 |
|
|
|a 149 s.
|b fotogr., grafy, tab.
|c 21 cm
|
| 500 |
|
|
|a Zozn.
|
| 501 |
|
|
|a Interná tlač
|
| 504 |
|
|
|a Bibliogr. odkazy
|
| 546 |
|
|
|a Čiast. text čes. Res. čes.
|
| 650 |
0 |
7 |
|a mikrobiológia vody
|2 SNKPH
|9 69317
|
| 650 |
0 |
7 |
|a environmentálna mikrobiológia
|2 SNKPH
|9 68117
|
| 655 |
|
7 |
|a zborníky konferencií
|2 SNKPH
|9 70153
|
| 700 |
1 |
|
|a Prokšová, Miloslava
|4 edt
|9 258306
|
| 700 |
1 |
|
|a Seman, Milan,
|d 1952-
|4 edt
|9 217612
|
| 919 |
|
|
|a 80-223-2261-X
|
| 958 |
|
|
|a NB
|
| 958 |
|
|
|a OND
|
| 968 |
|
|
|d 56/59
|
| 999 |
|
|
|c 912821
|d 914751
|
| 952 |
|
|
|a SNK
|b SNK
|y VYP
|7 0
|p 17A0545762
|o snkSC 127366 D1
|i snk2007/8492
|8 0
|0 0
|1 0
|4 0
|d 2007-03-27
|l 0
|r 2026-02-24 07:49:10
|w 2026-02-24
|
| 952 |
|
|
|a SNK
|b SNK
|y PREZ
|7 0
|p 17A0545761
|o snkSC 127366
|i snk2007/8491
|8 0
|0 0
|1 0
|4 0
|d 2007-03-27
|f 1
|l 0
|r 2025-06-16 00:00:00
|w 2026-02-24
|